1393 1456 1943 1107 1405 1817 1622 1011 1915 1265 1457 1368 1514 1117 1981 1797 1927 1830 1443 1651 1100 1376 1568 1454 1357 1235 1517 1525 1584 1538 1707 1938 1587 1503 1706 1879 1621 1529 1642 1672 1703 1815 1511 1250 1982 1660 1122 1322 1365 1741 1979 1878 1874 1789 1389 1516 1368 1311 1671 1974 1350 1341 1230 1182 1489 1667 1542 1067 1952 1933 1317 1432 1780 1565 1305 1103 1172 1127 1107 1999 1233 1064 1210 1191 1989 1503 1574 1992 1679 1805 1094 1638 1351 1669 1075 1054 1333 1083 1250 BCNSPRNW ULIB Ver.6.0+V

เปลี่ยนเป็นภาษาไทย

Change to English
 แสดงรายละเอียดบรรณานุกรม
  กลับหน้าหลัก

Brief Record : Get Marc (ISO 2709) : E-mail record : QR code < ปิดหน้าต่าง
LEADER : 00000nam 2200000uu 4500
001    13399114720
003     ULIB
008    120110s2550||||th 000 0 tha d
099    วจ.WC195^bว296ค
100 0  วราภรณ์ สัตยวงศ์
245 00 ความสัมพันธ์ระหว่างความรู้และพฤติกรรมการป้องกันการติดเชื้อจากการขึ้นฝึกปฏิบัติงานบนหอผู้ป่วยครั้งแรก ของนักศึกษาพยาบาล ชั้นปีที่ 2 วิทยาลัยพยาบาลบรมราชชนนี พุทธชินราช /^cวราภรณ์ สัตยวงศ์,ชมนาด วรรณพรศิริและสุภรณ์ เหมกมลพันธ์
260    พิษณุโลก :^bวิทยาลัยพยาบาลบรมราชชนนี พุทธชินราช,^c2550
300    56 หน้า :^bตาราง
500    รายงานการวิจัย
650  7 การป้องกันการติดเชื้อ^xเจตคติ^xวิจัย
650  7 การป้องกันการติดเชื้อ^xฝึกงาน^xวิจัย
700 02 ชมนาด วรรณพรศิริ
700 02 สุภรณ์ เหมกมลพันธ์
710 1  วิทยาลัยพยาบาลบรมราชชนนี พุทธชินราช
945    ^p0^l0^i031734
995    ทศพร
999 ^a ทศพร
รายการนี้ยังไม่มีแท็ก
คุณยังไม่ได้ล็อกอิน คุณสามารถมีกิจกรรมร่วมกับเว็บไซต์ได้ แต่ต้องล็อกอินก่อน ::
  ล็อกอิน

รายการสื่อสารสนเทศ

ลำดับที่ ประเภท เลขเรียก/บาร์โค้ด สถานที่ สถานะ
1. งานวิจัย
งานวิจัย
วจ.WC195 ว296ค ฉ.1 
  Barcode: 031734
ห้องสมุดวิทยาเขตสวรรค์ประชารักษ์
►วิจัย
บนชั้น

รายการใกล้เคียง
    ผู้แต่ง [วราภรณ์ สัตยวงศ์]

BibComment


ยังไม่เคยถูกคอมเมนท์

คอมเมนท์ทรัพยากรรายการนี้
  คอมเมนท์: ความสัมพันธ์ระหว่..


 Copyright 2026. Bcnsprnw @Library